00542nam a2200181 a 45000010010000000030011000100080041000210350026000620820014000881000016001022450045001182600032001636500028001959420012002239520090002359980020003259990015003450000-8688ELIB.Books110520 1948  a(ELIB.Books)0000-8834 a267 bRou aRouse, Ruth aThe World's student Christian Federation bLondon: S.C.M. Press c1948 aAssociation - Christian 2ddccBK 00102ddc4070aKBTSbKBTSd2011-05-20l0p9409r2022-01-22 00:00:00w2022-01-22yBK cbate2011-05-20 c8688d8688